[Event "Leipzig VfB op 09th"]
[Site "Leipzig"]
[Date "2002.03.09"]
[Round "7"]
[White "Roemisch, Tristan"]
[Black "Hillmann, Ralf"]
[Result "0-1"]
[WhiteElo "1609"]
[BlackElo "1865"]
[PlyCount "92"]
[EventDate "2002.03.05"]
[EventType "swiss"]
[EventRounds "9"]
[EventCountry "GER"]
[SourceTitle "EXT 2007"]
[Source "ChessBase"]
[SourceDate "2006.11.23"]
[SourceVersion "1"]
[SourceVersionDate "2006.11.23"]
[SourceQuality "1"]

1. d4 c5 2. d5 e5 3. e4 d6 4. Nf3 Ne7 5. c4 Ng6 6. Nc3 Be7 7. Be2 0-0 8. 0-0 f5 9. exf5 Bxf5 10. Bd3 Bxd3 11. Qxd3 Na6 12. a3 Nc7 13. g3 Qd7 14. Bg5 Rxf3 15. Qxf3 Bxg5 16. Ne4 Be7 17. Qh5 Rf8 18. f3 Ne8 19. Rf2 Nf6 20. Nxf6+ Rxf6 21. Raf1 Qf5 22. Qxf5 Rxf5 23. f4 Bf6 24. fxe5 Rxf2 25. Rxf2 Bxe5 26. Kg2 Bd4 27. Re2 Ne5 28. b4 cxb4 29. axb4 Nxc4 30. Re8+ Kf7 31. Rc8 Ne3+ 32. Kf3 Nxd5 33. Ke4 Ne7 34. Rc7 Bb6 35. Rxb7 Ke6 36. Rb8 d5+ 37. Kd3 Nc6 38. Rb7 Ne5+ 39. Ke2 Kf6 40. h3 h5 41. b5 g6 42. Rb8 d4 43. Rf8+ Ke6 44. Rg8 Kd5 45. g4 hxg4 46. hxg4 Ke4 0-1

[Event "Leipzig VfB op 09th"]
[Site "Leipzig"]
[Date "2002.03.08"]
[Round "6"]
[White "Randt, Karl Heinz"]
[Black "Roemisch, Tristan"]
[Result "0-1"]
[WhiteElo "1810"]
[BlackElo "1609"]
[PlyCount "74"]
[EventDate "2002.03.05"]
[EventType "swiss"]
[EventRounds "9"]
[EventCountry "GER"]
[SourceTitle "EXT 2007"]
[Source "ChessBase"]
[SourceDate "2006.11.23"]
[SourceVersion "1"]
[SourceVersionDate "2006.11.23"]
[SourceQuality "1"]

1. e4 e6 2. d4 d5 3. Nc3 Bb4 4. a3 Bxc3+ 5. bxc3 dxe4 6. Qg4 Nf6 7. Qxg7 Rg8 8. Qh6 c5 9. Ne2 Rg6 10. Qh4 Rg4 11. Qh6 Rg6 12. Qe3 Nd5 13. Qxe4 Nd7 14. Nf4 N7f6 15. Qd3 Nxf4 16. Bxf4 Bd7 17. Be2 Bc6 18. Bf3 Nd5 19. Bd2 Qf6 20. 0-0 c4 21. Qe2 0-0-0 22. Kh1 Rdg8 23. Qxc4 Rxg2 24. Bxg2 Rxg2 25. Qxc6+ bxc6 26. Kxg2 Qg6+ 27. Kh1 Qxc2 28. Rfd1 Qe4+ 29. Kg1 Nf6 30. Rab1 Qf3 31. Re1 Ne4 32. Be3 Nxc3 33. Rb2 h5 34. Rc2 Qg4+ 35. Kf1 Qh3+ 36. Kg1 Qg4+ 37. Kh1 Qe4+ 0-1

[Event "Leipzig VfB op 09th"]
[Site "Leipzig"]
[Date "2002.03.05"]
[Round "1"]
[White "Broberg, Horst"]
[Black "Roemisch, Tristan"]
[Result "1-0"]
[WhiteElo "2160"]
[BlackElo "1605"]
[PlyCount "89"]
[EventDate "2002.03.05"]
[EventType "swiss"]
[EventRounds "9"]
[EventCountry "GER"]
[SourceTitle "EXT 2007"]
[Source "ChessBase"]
[SourceDate "2006.11.23"]
[SourceVersion "1"]
[SourceVersionDate "2006.11.23"]
[SourceQuality "1"]

1. e4 e6 2. d4 d5 3. Nd2 c5 4. Ngf3 Nc6 5. exd5 exd5 6. Bb5 Nf6 7. 0-0 Be7 8. dxc5 Bxc5 9. Nb3 Be7 10. Re1 0-0 11. Bg5 Ne4 12. Bxc6 bxc6 13. Bxe7 Qxe7 14. Nfd2 Qf6 15. Nxe4 dxe4 16. Qd4 Qg6 17. Qxe4 Bf5 18. Qf3 Bxc2 19. Nd4 c5 20. Nc6 Kh8 21. Rac1 c4 22. Ne5 Qf5 23. Nxf7+ Qxf7 24. Qxf7 Rxf7 25. Rxc2 Rc7 26. Rc3 Kg8 27. Rec1 Rd8 28. Kf1 Rd2 29. Rxc4 Rxc4 30. Rxc4 Rxb2 31. Rc8+ Kf7 32. Rc7+ Kf6 33. Rxa7 g5 34. a4 h5 35. Rc7 Ra2 36. Rc4 Ke5 37. g3 Kd5 38. Rb4 Ke5 39. Kg2 Kf5 40. Rb5+ Kf6 41. a5 Kg6 42. h3 g4 43. h4 Ra3 44. Rb6+ Kf5 45. Rh6 1-0